000 00300nam a2200133Ia 4500
005 20260328104259.0
008 260328s9999||||xx |||||||||||||| ||und||
100 _aKunst, Pablo
245 0 _aDesignio /
_cPablo Kunst
260 _bCormay
300 _a83 p.
650 _aDISEÑADORES
942 _cBK
999 _c10555
_d10555